00000000cam 2200000zi 4500
0019.963116
003CaOODSP
00520260601171038
006m     o  d f      
007cr |n|||||||||
008260527e202605##onc     ob   f|0| 0 fre d
040 |aCaOODSP|bfre|erda|cCaOODSP
043 |an-cn---
0861 |aXC12-1/1-451-4F-PDF
1101 |aCanada. |bParlement. |bChambre des communes. |bComité permanent de l'agriculture et de l'agroalimentaire, |eauteur, |eorganisme de publication.
24510|aScience dans l'agriculture canadienne et la fermeture de centres de recherche / |cle président Michael Coteau.
264 1|a[Ottawa] : |bChambre des communes, Canada = House of Commons, Canada, |cmai 2026.
300 |a1 ressource en ligne (viii, 43 pages).
336 |atexte|btxt|2rdacontent/fre
337 |ainformatique|bc|2rdamedia/fre
338 |aressource en ligne|bcr|2rdacarrier/fre
4901 |aRapport du Comité permanent de l'agriculture et de l'agroalimentaire ; |v4e rapport, 45e législature, 1re session
500 |aPublié aussi en anglais sous le titre : Science in Canadian agriculture and the closure of research centres.
500 |aDate de publication initiale : 06/05/2026. Date de publication : 26/05/2026.
504 |aComprend des références bibliographiques.
650 6|aStations agronomiques|zCanada.
650 6|aAgriculture|xRecherche|zCanada.
7001 |aCoteau, Michael, |d1972-
77508|tScience in Canadian agriculture and the closure of research centres / |w(CaOODSP)9.963113
830#0|aRapport du Comité permanent de l'agriculture et de l'agroalimentaire ;|v4e rapport, 45e législature, 1re session.|w(CaOODSP)9.503424
85640|qPDF|s3.39 Mo|uhttps://publications.gc.ca/collections/collection_2026/parl/xc12-1/XC12-1-1-451-4-fra.pdf
8564 |qHTML|sS.O.|uhttps://www.noscommunes.ca/documentviewer/fr/45-1/AGRI/rapport-4